<?xml version="1.0" encoding="UTF-8"?>
<record
    xmlns:xsi="http://www.w3.org/2001/XMLSchema-instance"
    xsi:schemaLocation="http://www.loc.gov/MARC21/slim http://www.loc.gov/standards/marcxml/schema/MARC21slim.xsd"
    xmlns="http://www.loc.gov/MARC21/slim">

  <leader>01439nam a22002297a 4500</leader>
  <datafield tag="999" ind1=" " ind2=" ">
    <subfield code="c">200</subfield>
    <subfield code="d">200</subfield>
  </datafield>
  <controlfield tag="003">DO-SdBHA</controlfield>
  <controlfield tag="005">20181116132106.0</controlfield>
  <controlfield tag="008">160218b        xxu||||| |||| 00| 0 eng d</controlfield>
  <datafield tag="040" ind1=" " ind2=" ">
    <subfield code="c">DO-SdBHA</subfield>
    <subfield code="a">DO-SdBHA</subfield>
    <subfield code="b">spa</subfield>
  </datafield>
  <datafield tag="082" ind1=" " ind2=" ">
    <subfield code="a">RD 330.9 R696f 2002</subfield>
  </datafield>
  <datafield tag="100" ind1=" " ind2=" ">
    <subfield code="a">Rodr&#xED;guez, Pablo</subfield>
    <subfield code="e">autor</subfield>
  </datafield>
  <datafield tag="245" ind1=" " ind2=" ">
    <subfield code="a">El futuro de la econom&#xED;a dominicana y la demanda de empleo a nivel de educaci&#xF3;n superior / </subfield>
    <subfield code="c">Pablo Rodr&#xED;guez N&#xFA;&#xF1;ez, Manuel Herasme</subfield>
  </datafield>
  <datafield tag="260" ind1=" " ind2=" ">
    <subfield code="a">Santo Domingo&#xA0;: </subfield>
    <subfield code="b">Editora Centenario, </subfield>
    <subfield code="c">2002</subfield>
  </datafield>
  <datafield tag="300" ind1=" " ind2=" ">
    <subfield code="a">380 p&#xE1;ginas</subfield>
  </datafield>
  <datafield tag="504" ind1=" " ind2=" ">
    <subfield code="a">Contiene bibliografia e &#xED;ndice</subfield>
  </datafield>
  <datafield tag="505" ind1="2" ind2=" ">
    <subfield code="a">La econom&#xED;a dominicana duranteel per&#xED;odo 1989-1998....41 -- Prospectiva de la econom&#xED;a 2000/2015....105 -- Lineamientos y estrategia para el desarrollo sostenible 2000/2015....119 -- Plan desarrollo sostenible: un reto de cara al Nuevo Milenio....183 -- La demanda de empleo de profesionales del aparato productivo nacional y la oferta de profesionales aportada por las IES....195 -- Problemas y desaf&#xED;os actuales de la educaci&#xF3;n superior dominicana....237 -- Educaci&#xF3;n superior dominicana: retos y desaf&#xED;os de cara al siglo XXI....273 -- Conclusiones y recomendaciones....351</subfield>
  </datafield>
  <datafield tag="650" ind1=" " ind2=" ">
    <subfield code="a">Rep&#xFA;blica Dominicana -- Condiciones econ&#xF3;micas</subfield>
  </datafield>
  <datafield tag="650" ind1=" " ind2=" ">
    <subfield code="a">Educaci&#xF3;n Superior -- Rep&#xFA;blica Dominicana</subfield>
  </datafield>
  <datafield tag="650" ind1=" " ind2=" ">
    <subfield code="a">Empleados profesionales -- Oferta y demanda -- Rep&#xFA;blica Dominicana</subfield>
  </datafield>
  <datafield tag="700" ind1=" " ind2=" ">
    <subfield code="a">Herasme, Manuel</subfield>
    <subfield code="e">autor</subfield>
  </datafield>
  <datafield tag="942" ind1=" " ind2=" ">
    <subfield code="2">ddc</subfield>
    <subfield code="c">BK</subfield>
    <subfield code="z">9</subfield>
  </datafield>
  <datafield tag="952" ind1=" " ind2=" ">
    <subfield code="0">0</subfield>
    <subfield code="1">0</subfield>
    <subfield code="2">ddc</subfield>
    <subfield code="4">0</subfield>
    <subfield code="7">0</subfield>
    <subfield code="8">RD</subfield>
    <subfield code="a">BJHA</subfield>
    <subfield code="b">BJHA</subfield>
    <subfield code="d">2016-02-18</subfield>
    <subfield code="i">16-00014</subfield>
    <subfield code="l">0</subfield>
    <subfield code="o">RD 330.9 R696f 2002</subfield>
    <subfield code="p">16-00014</subfield>
    <subfield code="r">2018-10-06 00:00:00</subfield>
    <subfield code="t">e.1</subfield>
    <subfield code="w">2016-02-18</subfield>
    <subfield code="y">BK</subfield>
  </datafield>
</record>
